Pompas y honores : (Record no. 173971)
[ view plain ]
| 000 -LEADER | |
|---|---|
| campo de control de longitud fija | 00914namaa22001811 4500 |
| 001 - NÚMERO DE CONTROL | |
| campo de control | 173971 |
| 003 - IDENTIFICADOR DE NÚMERO DE CONTROL | |
| campo de control | ES-MaACL |
| 005 - FECHA Y HORA DE LA ÚLTIMA TRANSACCIÓN | |
| campo de control | 20230906215414.0 |
| 008 - DATOS DE LONGITUD FIJA--INFORMACIÓN GENERAL | |
| campo de control de longitud fija | 100203s1897 sp |||| | spa d |
| 100 1# - ENTRADA PRINCIPAL--NOMBRE DE PERSONA | |
| Nombre de persona | Echevarría, Rafael de. |
| 9 (RLIN) | 142103 |
| 245 10 - MENCIÓN DEL TÍTULO | |
| Título | Pompas y honores : |
| Resto del título | capricho literario / |
| Mención de responsabilidad, etc. | por El Diablo Cojuelo [seud.]. |
| 260 ## - PUBLICACIÓN, DISTRIBUCIÓN, ETC. | |
| Lugar de publicación, distribución, etc. | Madrid : |
| Nombre del editor, distribuidor, etc. | Librería de Fernando Fe, |
| Fecha de publicación, distribución, etc. | 1897 ( |
| Fabricante | Tip. de Tomás Minuesa de los Ríos) |
| 300 ## - DESCRIPCIÓN FÍSICA | |
| Extensión | 51 p. ; |
| Dimensiones | 18 cm. |
| 530 ## - NOTA DISPONIBLE DE FORMULARIO FÍSICO ADICIONAL | |
| Nota de formato físico adicional disponible | Disponible en formato digital. |
| 593 ## - | |
| -- | Encabezamiento: Hartzenbusch, Eugenio: Unos cuantos seudónimos de escritores españoles. |
| 852 4# - LOCALIZACIÓN | |
| Ubicación | ES-MaACL |
| Número de control de estantería | F-8636(8) |
| Nota libre | - Enc. pasta española |
| -- | - Enc. en un vol. facticio formando parte de la col. facticia "Teatro español moderno", v. 91 |
| -- | - Dedicatoria autógrafa del autor |
| 856 4# - LOCALIZACIÓN Y ACCESO ELECTRÓNICOS | |
| Identificador Uniforme de Recursos | <a href="http://bdh-rd.bne.es/viewer.vm?id=0000050003&page=1 ">http://bdh-rd.bne.es/viewer.vm?id=0000050003&page=1 </a> |
| Nota pública | Biblioteca Digital Hispánica |
| Estatus retirado | Estado de pérdida | Fuente del sistema de clasificación o colocación | Estado de daño | No para préstamo | Colección | Biblioteca de origen | Biblioteca actual | Ubicación en estantería | Fecha de adquisición | Total de préstamos | Signatura topográfica completa | Código de barras | Visto por última vez | Precio de reemplazo | Tipo de ítem Koha | Nota pública |
|---|---|---|---|---|---|---|---|---|---|---|---|---|---|---|---|---|
| Clasificación decimal universal | Libros con dedicatorias | Biblioteca del Ateneo de Madrid | Biblioteca del Ateneo de Madrid | Sala Pecera Planta 2 | 03/02/2010 | F-8636(8) | 1182618 | 23/02/2023 | 23/02/2023 | Libro impreso antiguo | Dedicatoria autógrafa del autor |
